[Event "Master Open"]
[Site "Voronezh"]
[Date "2018.06.19"]
[Round "7.59"]
[White "Zhitnikov, Konstantin"]
[Black "Gutkovich, Polina"]
[Result "1-0"]
[WhiteElo "2255"]
[BlackElo "2046"]
[Annotator ""]
[Source ""]
[Remark ""]

1.e4 c5 2.Nf3 Nc6 3.Bb5 g6 4.Bxc6 bxc6 5.O-O Bg7 6.Re1 Nh6 7.c3
O-O 8.d4 cxd4 9.cxd4 f6 10.Nc3 Nf7 11.b3 d6 12.Bb2 e5 13.h3 Be6
14.Rc1 Rc8 15.Qd3 f5 16.Qd1 Ng5 17.dxe5 Nxf3+ 18.Qxf3 Bxe5 19.Na4
fxe4 20.Qxe4 Bd5 21.Qe3 Bxb2 22.Nxb2 Qf6 23.Nc4 Rce8 24.Qd2 Bxc4
25.Rxc4 d5 26.Rcc1 Rd8 27.Re3 d4 28.Rd3 Rd5 29.Re1 c5 30.Qe2
Rf5 31.Rd2 Kf7 32.Qb5 Kg7 33.Ree2 Rf7 34.Qd3 Qg5 35.Qe4 Qf6 36.Qc2
h5 37.Rd1 Qh4 38.Rf1 Qf6 39.Qe4 Qg5 40.h4 Qd8 41.g3 Kh7 42.Qe8
Qxe8 43.Rxe8 Rd7 44.Rfe1 Kg7 45.R1e7+ Rf7 46.Rxd7 Rxd7 47.Kf1
Kf7 48.Re5 Rc7 49.Rd5 Ke6 50.Rg5 Kf6 51.Rd5 Ke6 52.Rd8 Ke7 53.Ra8
Ke6 54.Ke2 Ke5 55.Re8+ Kd5 56.Kd3 Rf7 57.f4 Rd7 58.Re5+ Kc6 59.Rg5
Rd6 60.Re5 Rd5 61.Re6+ Rd6 62.Re8 Rd7 63.Kc4 Rd6 64.Re5 d3 65.Re1
Rd4+ 66.Kc3 Kd5 67.Re5+ Kd6 68.Kd2 c4 69.bxc4 Rxc4 70.Rg5 Rc2+
71.Kxd3 Rxa2 72.Rxg6+ 1-0

[Event "Master Open"]
[Site "Voronezh"]
[Date "2018.06.19"]
[Round "7.60"]
[White "Gasparian, Haik"]
[Black "Geshko, Aleksey"]
[Result "1-0"]
[WhiteElo "2069"]
[BlackElo "2213"]
[Annotator ""]
[Source ""]
[Remark ""]

1.d4 Nf6 2.c4 e6 3.Nf3 Bb4+ 4.Bd2 c5 5.Bxb4 cxb4 6.e3 O-O 7.Bd3
d6 8.O-O Qe7 9.Nbd2 e5 10.Qc2 Re8 11.Ne4 Nbd7 12.Rad1 Nxe4 13.Bxe4
Nf6 14.dxe5 dxe5 15.h3 Nxe4 16.Qxe4 f6 17.Rd2 Be6 18.Rfd1 Rac8
19.b3 g5 20.Rd6 b6 21.Qd3 Qg7 22.Nh2 h5 23.e4 g4 24.hxg4 hxg4
25.Nf1 Qg5 26.Ng3 Qg6 27.Nf5 Bxf5 28.exf5 Qg7 29.Qd5+ Kh8 30.g3
Rc7 31.Kg2 Qf7 32.Qe4 Qg7 33.Rh1+ Kg8 34.Rh4 1-0

[Event "Master Open"]
[Site "Voronezh"]
[Date "2018.06.19"]
[Round "7.61"]
[White "Tatarintsev, Egor"]
[Black "Medzinovskiy, Petr"]
[Result "1/2-1/2"]
[WhiteElo "2125"]
[BlackElo "2213"]
[Annotator ""]
[Source ""]
[Remark ""]

1.e4 c5 2.c3 e6 3.Nf3 Nc6 4.d4 d5 5.e5 Bd7 6.a3 cxd4 7.cxd4 Qb6
8.b4 Rc8 9.Be3 Nh6 10.Bd3 Nf5 11.Bxf5 exf5 12.O-O Be7 13.Qd3
O-O 14.Nc3 Be6 15.Rac1 a5 16.Na4 Qa7 17.b5 Nb8 18.Nc5 Nd7 19.Nxe6
fxe6 20.Bg5 Bxg5 21.Nxg5 Qb6 22.a4 h6 23.Nf3 Rc7 24.Rc3 Rfc8
25.Rfc1 Rxc3 26.Rxc3 Qd8 27.Qc2 Nb6 28.Nd2 Kf7 29.Rc5 Rxc5 30.Qxc5
Ke8 31.Nb3 Nxa4 32.Qa3 Nc3 33.Nc5 Nxb5 34.Qa4 Qb6 35.Nxe6 Qxe6
36.Qxb5+ Qc6 37.Qb1 a4 38.g4 fxg4 39.Qh7 Kf7 40.Qf5+ Ke7 41.Qh7
Qc1+ 42.Kg2 Qf4 43.Qxg7+ Qf7 44.Qxg4 a3 45.Qg3 Ke6 46.Qxa3 Qg6+
47.Qg3 Qe4+ 48.Qf3 Qg6+ 1/2-1/2

[Event "Master Open"]
[Site "Voronezh"]
[Date "2018.06.19"]
[Round "7.62"]
[White "Shaydullina, Sandugach"]
[Black "Lingur, Zalina"]
[Result "1-0"]
[WhiteElo "2198"]
[BlackElo "2101"]
[Annotator ""]
[Source ""]
[Remark ""]

1.d4 Nf6 2.c4 e6 3.Nc3 Bb4 4.a3 Bxc3+ 5.bxc3 c5 6.f3 Qa5 7.Qd2
Nc6 8.e3 d6 9.Bd3 O-O 10.Ne2 Qc7 11.O-O e5 12.e4 b6 13.d5 Ne7
14.g4 Ng6 15.Qe1 Qe7 16.h4 h5 17.Bg5 hxg4 18.h5 gxf3 19.Rxf3
Bg4 20.Bxf6 gxf6 21.hxg6 Bxf3 22.g7 Rfe8 23.Qh4 Kxg7 24.Qg3+
Kh7 25.Qxf3 Rg8+ 26.Kf2 f5 27.Qh5+ Kg7 28.Rg1+ Kf8 29.Qh6+ 1-0

[Event "Master Open"]
[Site "Voronezh"]
[Date "2018.06.19"]
[Round "7.63"]
[White "Pokhvalit, Alexander"]
[Black "Afanasieva, Alexandra"]
[Result "0-1"]
[WhiteElo "2087"]
[BlackElo "2069"]
[Annotator ""]
[Source ""]
[Remark ""]

1.e4 c5 2.Nf3 d6 3.c3 Nf6 4.Qc2 Qc7 5.Be2 g6 6.O-O Bg7 7.Rd1
O-O 8.d4 cxd4 9.Nxd4 a6 10.c4 Nc6 11.Nc3 Nxd4 12.Rxd4 Be6 13.h3
Nd7 14.Nd5 Bxd5 15.Rxd5 b5 16.Qb3 bxc4 17.Qc2 Rfc8 18.Bg5 Nb6
19.Ra5 e6 20.Bf4 Nd5 21.exd5 Qxa5 22.dxe6 fxe6 23.Bxd6 Qb6 24.Ba3
c3 25.b3 Rd8 26.Qe4 Rac8 27.Bc4 Rc6 28.Re1 Kh8 29.Bc1 Bd4 30.Re2
Bg7 31.Be3 Rd1+ 32.Kh2 Qc7+ 33.Bf4 e5 34.Be3 Rcd6 35.Qc2 Rd8
36.Bxa6 Ra1 37.Qe4 Qa5 38.Bc4 Qa3 39.h4 Rxa2 40.Rxa2 Qxa2 41.h5
Qa8 42.Qh4 Rd6 43.Bf7 Bf6 44.Qb4 Qc6 45.hxg6 c2 46.Qg4 hxg6 47.Bc1
Qd7 48.Qe4 Qxf7 0-1

[Event "Master Open"]
[Site "Voronezh"]
[Date "2018.06.19"]
[Round "7.1"]
[White "Stukopin, Andrey"]
[Black "Maghsoodloo, Parham"]
[Result "1/2-1/2"]
[WhiteElo "2589"]
[BlackElo "2638"]
[Annotator ""]
[Source ""]
[Remark ""]

1.e4 c5 2.Nf3 d6 3.Bb5+ Nc6 4.O-O Nf6 5.e5 dxe5 6.Nxe5 Bd7 7.Bxc6
Bxc6 8.Nxc6 bxc6 9.d3 e6 10.Nd2 Be7 11.Qf3 Qd5 12.Ne4 c4 13.Bh6
Nxe4 14.dxe4 Qe5 15.Bf4 Qxb2 16.Rab1 Qa3 17.Rb7 O-O 18.Qe2 c3
19.Bc1 Qc5 20.Be3 Qa3 21.Bc1 Qc5 22.Be3 1/2-1/2

[Event "Master Open"]
[Site "Voronezh"]
[Date "2018.06.19"]
[Round "7.2"]
[White "Kokarev, Dmitry"]
[Black "Sindarov, Javokhir"]
[Result "1/2-1/2"]
[WhiteElo "2603"]
[BlackElo "2449"]
[Annotator ""]
[Source ""]
[Remark ""]

1.e4 e5 2.Nf3 Nc6 3.Bb5 a6 4.Ba4 Nf6 5.O-O Be7 6.Bxc6 dxc6 7.d3
Nd7 8.Nbd2 O-O 9.Nc4 f6 10.Nh4 Nc5 11.Nf5 Ne6 12.a4 c5 13.Qg4
Kh8 14.f4 exf4 15.Bxf4 Rf7 16.Nxe7 Rxe7 17.Bg3 Nd4 18.Qd1 Be6
19.Ne3 Qd7 20.Rf2 Rae8 21.h3 f5 22.c3 Nb3 23.Nxf5 Rf7 24.Rb1
Bxf5 25.Qxb3 Be6 26.Rxf7 Bxf7 27.Qxb7 Qxd3 28.Rf1 Bc4 29.Rf3
Qxe4 30.Qxe4 Rxe4 31.Rf8+ Bg8 32.a5 Re2 33.Ra8 Rxb2 34.Be5 h5
35.Rxa6 Kh7 36.Ra7 Bd5 37.Rxc7 Rxg2+ 38.Kf1 Rg5 39.Bd6 Bg2+ 40.Kf2
Bxh3 41.a6 Rg2+ 42.Ke3 Ra2 43.a7 Bf1 44.Bxc5 h4 45.Bd4 h3 46.Rxg7+
Kh6 47.Rg8 Bg2 48.Kf4 Kh7 49.Rg7+ Kh6 50.Kg3 Ra6 51.Rf7 Ra2 52.Rf8
Kg6 53.c4 Ra4 54.Rf2 Kh5 55.Rf5+ Kg6 56.Rf6+ Kg5 57.Rf2 1/2-1/2

[Event "Master Open"]
[Site "Voronezh"]
[Date "2018.06.19"]
[Round "7.3"]
[White "Belous, Vladimir"]
[Black "Popov, Ivan"]
[Result "1/2-1/2"]
[WhiteElo "2555"]
[BlackElo "2608"]
[Annotator ""]
[Source ""]
[Remark ""]

1.d4 d5 2.c4 dxc4 3.e4 Nf6 4.e5 Nd5 5.Bxc4 Nb6 6.Bd3 Nc6 7.Ne2
Bg4 8.Be3 Qd7 9.Nbc3 O-O-O 10.Be4 f5 11.Bxc6 Qxc6 12.O-O Bxe2
13.Qxe2 Nd5 14.Nxd5 Qxd5 15.e6 Qxe6 16.Rac1 Rd5 17.b4 g5 18.Qc2
Qd6 19.Bxg5 f4 20.Bh4 Rh5 21.g3 Rg8 22.Qa4 Kd8 23.Qb3 Qd5 24.Qxd5+
Rxd5 25.Rfd1 Kd7 26.Rc5 e6 27.Rxd5+ exd5 28.b5 Bg7 29.Bg5 fxg3
30.hxg3 Ra8 31.Bf4 a6 32.Rc1 c6 33.bxc6+ bxc6 34.Rb1 Bxd4 35.Rb7+
Ke6 36.Rxh7 Kf5 37.Kf1 Rh8 38.Rf7+ Ke6 39.Rc7 c5 40.Ke2 Rh2 41.Be3 1/2-1/2

[Event "Master Open"]
[Site "Voronezh"]
[Date "2018.06.19"]
[Round "7.4"]
[White "Pridorozhni, Aleksei"]
[Black "Makarian, Rudik"]
[Result "1/2-1/2"]
[WhiteElo "2589"]
[BlackElo "2343"]
[Annotator ""]
[Source ""]
[Remark ""]

1.e4 c5 2.Nf3 e6 3.b3 b6 4.Bd3 Bb7 5.O-O d6 6.Re1 Nd7 7.Bb2 Ngf6
8.c3 Be7 9.Bc2 O-O 10.d4 cxd4 11.cxd4 d5 12.e5 Ne4 13.Nfd2 f5
14.f3 Nxd2 15.Qxd2 Ba6 16.Bd3 Bxd3 17.Qxd3 Qc8 18.Nc3 a6 19.Ne2
Re8 20.Bc1 Nf8 21.Bd2 Qb7 22.g3 Rec8 23.h4 b5 24.Kg2 b4 25.Rec1
a5 26.Kh3 g6 27.Kg2 Kf7 28.Kf2 Rxc1 29.Rxc1 Rc8 30.Rxc8 Qxc8
31.Ke1 Qc6 32.Kd1 Nd7 33.h5 Nb8 34.hxg6+ hxg6 35.Qe3 g5 36.Qd3
Qa6 37.Kc2 Qxd3+ 38.Kxd3 Nc6 39.Kc2 Kg6 40.Kd3 Bd8 1/2-1/2

[Event "Master Open"]
[Site "Voronezh"]
[Date "2018.06.19"]
[Round "7.5"]
[White "Gabrielian, Artur"]
[Black "Chigaev, Maksim"]
[Result "1/2-1/2"]
[WhiteElo "2506"]
[BlackElo "2577"]
[Annotator ""]
[Source ""]
[Remark ""]

1.e4 c5 2.Nf3 e6 3.d4 cxd4 4.Nxd4 Nc6 5.Nc3 Qc7 6.Be3 a6 7.a3
Nf6 8.f4 d6 9.Qf3 Be7 10.O-O-O O-O 11.g4 Nxd4 12.Rxd4 e5 13.Rd2
Bxg4 14.Qg3 exf4 15.Bxf4 Be6 16.Be2 Qa5 17.Bh6 g6 18.Bxf8 Rxf8
19.Rxd6 Bxd6 20.Qxd6 Qg5+ 21.Qd2 Qg2 22.Qe1 Rd8 23.h4 Nxe4 24.Rg1
Qh3 25.Nxe4 Qe3+ 26.Nd2 Rxd2 27.Rxg6+ hxg6 28.Qxd2 Qg1+ 29.Qd1
Qf2 30.Qd8+ Kg7 31.Kd1 Bf5 32.c3 Be6 33.Qd4+ Qxd4+ 34.cxd4 Bd5
35.Kd2 f6 36.Ke3 g5 37.hxg5 fxg5 38.b4 Kf6 39.Bg4 b6 40.Bc8 a5
41.bxa5 bxa5 42.Bg4 Ke7 43.Be2 Kf6 1/2-1/2

[Event "Master Open"]
[Site "Voronezh"]
[Date "2018.06.19"]
[Round "7.6"]
[White "Bocharov, Dmitry"]
[Black "Dzhumaev, Marat"]
[Result "1-0"]
[WhiteElo "2576"]
[BlackElo "2434"]
[Annotator ""]
[Source ""]
[Remark ""]

1.d4 d6 2.Nf3 Nf6 3.g3 g6 4.Bg2 Bg7 5.O-O O-O 6.c4 c6 7.Nc3 a6
8.e4 Bg4 9.Be3 Nbd7 10.h3 Bxf3 11.Bxf3 e5 12.d5 c5 13.g4 h6 14.Qd2
Nh7 15.Kg2 Qh4 16.Be2 Bf6 17.Bxh6 Bg5 18.Bxg5 Nxg5 19.Qe3 Kg7
20.Rh1 Rh8 21.Rag1 Rh7 22.Kf1 Rah8 23.Rg3 f6 24.Ke1 Nf7 25.Kd2
Kf8 26.Kc2 Ke7 27.a3 a5 28.Kb1 b6 29.Bd1 f5 30.exf5 gxf5 31.f4
Kd8 32.Bc2 fxg4 33.Bxh7 Qxh7+ 34.Ka1 Nf6 35.fxe5 Nxe5 36.Qg5
Qe7 37.Qc1 Qh7 38.Qf1 Nfd7 39.Nb5 Qh6 40.Qg2 Ke7 41.Rf1 gxh3
42.Rxh3 Qxh3 43.Qg5+ Nf6 44.Qxf6+ Ke8 45.Nxd6+ Kd7 46.Qg7+ Kd8
47.Re1 1-0

[Event "Master Open"]
[Site "Voronezh"]
[Date "2018.06.19"]
[Round "7.7"]
[White "Potapov, Pavel"]
[Black "Savchenko, Boris"]
[Result "1/2-1/2"]
[WhiteElo "2491"]
[BlackElo "2565"]
[Annotator ""]
[Source ""]
[Remark ""]

1.e4 c5 2.Nf3 e6 3.g3 h5 4.Bg2 b5 5.d4 h4 6.O-O cxd4 7.Nxd4 a6
8.e5 Ra7 9.Nc3 hxg3 10.hxg3 f5 11.exf6 Nxf6 12.Qd3 Be7 13.Be3
Rc7 14.Nf3 O-O 15.Bb6 Bb7 16.Ne5 Bc5 17.Bxc7 Qxc7 18.Rae1 Bxg2
19.Kxg2 Bb4 20.Ng6 Bxc3 21.bxc3 Re8 22.Rh1 Nc6 23.Rh8+ Kf7 24.Rxe8
Nxe8 25.Rh1 Qb7 26.f3 Nf6 27.Rh8 Ng8 28.Qe4 Qc7 29.Nf4 Nge7 30.Nd3
Ng6 31.Rh5 d5 32.Qe3 Qa5 33.f4 Qxa2 34.f5 Nf8 35.fxe6+ Nxe6 36.Rf5+
Ke7 37.Rf2 Kd6 38.Rd2 Qc4 39.Nb4 Nc7 40.Qb6 Kd7 41.Nd3 Kd6 42.Nb4
Kd7 43.Nxa6 Nxa6 44.Qxa6 Qxc3 45.Rxd5+ Ke6 46.Qxb5 Qxc2+ 47.Kh3
Qc1 48.Rc5 Qh1+ 49.Kg4 Qe4+ 50.Kh5 Qf3+ 51.Kh4 Qe4+ 52.Kh5 Qf3+
53.Kh4 1/2-1/2

[Event "Master Open"]
[Site "Voronezh"]
[Date "2018.06.19"]
[Round "7.8"]
[White "Ponkratov, Pavel"]
[Black "Kabanov, Nikolai"]
[Result "1-0"]
[WhiteElo "2622"]
[BlackElo "2468"]
[Annotator ""]
[Source ""]
[Remark ""]

1.e4 c6 2.d4 d5 3.e5 Bf5 4.g4 Bd7 5.c4 h5 6.gxh5 Bf5 7.Nc3 e6
8.Nge2 dxc4 9.Ng3 Bd3 10.Bxd3 cxd3 11.Qxd3 Nd7 12.Qe2 Qh4 13.Be3
O-O-O 14.O-O-O f5 15.Qc4 Re8 16.f4 Nb6 17.Qb3 Nh6 18.d5 Nxd5
19.Nxd5 exd5 20.Kb1 Qe7 21.Rxd5 Qe6 22.Rc1 Be7 23.Bxa7 Bd8 24.Rxc6+
Qxc6 25.Rc5 Bc7 26.Rxc6 bxc6 27.Ne2 g6 28.hxg6 Rhg8 29.Qg3 Kb7
30.Bd4 Re6 31.Qh3 1-0

[Event "Master Open"]
[Site "Voronezh"]
[Date "2018.06.19"]
[Round "7.9"]
[White "Kryakvin, Dmitry"]
[Black "Ulko, Jaroslav"]
[Result "1-0"]
[WhiteElo "2592"]
[BlackElo "2442"]
[Annotator ""]
[Source ""]
[Remark ""]

1.d4 Nf6 2.Bg5 d5 3.e3 e6 4.c4 c5 5.dxc5 Bxc5 6.Nc3 d4 7.exd4
Bxd4 8.Qd2 h6 9.Bh4 Nc6 10.Nf3 e5 11.O-O-O Be6 12.Nxd4 exd4 13.Nb5
Qb6 14.Bd3 O-O-O 15.b4 Rd7 16.Bg3 Qd8 17.Qf4 b6 18.Qf3 Kb7 19.Nxa7
Kxa7 20.Qxc6 Qa8 21.Qb5 Rc8 22.c5 1-0

[Event "Master Open"]
[Site "Voronezh"]
[Date "2018.06.19"]
[Round "7.10"]
[White "Timofeev, Artyom"]
[Black "Looshnikov, Nikolai"]
[Result "1-0"]
[WhiteElo "2583"]
[BlackElo "2424"]
[Annotator ""]
[Source ""]
[Remark ""]

1.Nf3 Nf6 2.c4 e6 3.g3 d5 4.Bg2 Nbd7 5.b3 Be7 6.O-O O-O 7.Nc3
c6 8.d4 b6 9.Bb2 Ba6 10.Nd2 Rc8 11.e4 b5 12.e5 Ne8 13.c5 b4 14.Ne2
f6 15.f4 fxe5 16.fxe5 Rxf1+ 17.Nxf1 Nc7 18.Nf4 Rb8 19.Qg4 Nf8
20.h4 Qe8 21.Ne3 Qf7 22.Rd1 Rb5 23.Rd2 Ra5 24.Nc2 Bc8 25.Nxb4
Qe8 26.Nh5 Ng6 27.a4 Na6 28.Nd3 Nc7 29.Bc3 Ra6 30.Kh2 1-0

[Event "Master Open"]
[Site "Voronezh"]
[Date "2018.06.19"]
[Round "7.11"]
[White "Pavlov, Sergey"]
[Black "Tiviakov, Sergei"]
[Result "1/2-1/2"]
[WhiteElo "2489"]
[BlackElo "2580"]
[Annotator ""]
[Source ""]
[Remark ""]

1.c4 e5 2.Nc3 Nf6 3.Nf3 Nc6 4.e3 Bb4 5.Qc2 Bxc3 6.Qxc3 Qe7 7.b3
d5 8.d4 exd4 9.Nxd4 Nxd4 10.Qxd4 c5 11.Qf4 O-O 12.Bb2 d4 13.O-O-O
dxe3 14.Bxf6 Qxf6 15.Qxf6 gxf6 16.fxe3 Bg4 17.Rd2 Rae8 18.Be2
Bc8 19.Rf1 Rxe3 20.Rxf6 Rfe8 21.Bf3 Kg7 22.Rf4 b6 23.Bg4 Be6
24.Bxe6 Re1+ 25.Kc2 R8xe6 26.Rd7 R6e2+ 27.Kd3 Re3+ 28.Kd2 R1e2+
29.Kd1 Re1+ 30.Kd2 R3e2+ 31.Kd3 Re3+ 1/2-1/2

[Event "Master Open"]
[Site "Voronezh"]
[Date "2018.06.19"]
[Round "7.12"]
[White "Volkov, Sergey"]
[Black "Afanasiev, Nikita"]
[Result "1/2-1/2"]
[WhiteElo "2580"]
[BlackElo "2460"]
[Annotator ""]
[Source ""]
[Remark ""]

1.d4 Nf6 2.Nf3 g6 3.c4 Bg7 4.Nc3 d5 5.Qb3 dxc4 6.Qxc4 O-O 7.e4
Bg4 8.Be3 Nfd7 9.Rd1 Nb6 10.Qc5 Qd6 11.Nb5 Qd7 12.Qxc7 Rc8 13.Qxd7
Bxd7 14.Ne5 Bxe5 15.dxe5 Nc4 16.Bxc4 Rxc4 17.Nc3 Kf8 18.O-O Ke8
19.Nd5 Na6 20.Bg5 Rxe4 21.Bxe7 Bc6 22.Bf6 Re2 23.Rd4 Bxd5 24.Rxd5
Nc7 25.Rc5 Ne6 26.Rb5 b6 27.Rd1 Rc8 28.h4 Nc5 29.Rb4 Ne6 30.Rb3
Rec2 31.Rd6 R8c6 32.Ra3 a5 33.b4 axb4 34.Ra8+ Rc8 35.Rxc8+ Rxc8
36.Rxb6 Rc1+ 37.Kh2 Rc2 38.Rxb4 Rxa2 39.Rb8+ Kd7 40.Rb7+ Ke8
41.Kg3 h5 42.Re7+ Kf8 43.Rd7 Ke8 44.Rd3 Ra4 45.Rd2 Rc4 46.Kh2
Rf4 47.g3 Rd4 48.Ra2 Rc4 49.Kg2 Kd7 50.f3 Rd4 51.Ra7+ Ke8 52.Ra3
Rd2+ 53.Kh3 Rb2 54.g4 Nf4+ 55.Kg3 Ne2+ 56.Kf2 Nd4+ 57.Kf1 Ne6
58.gxh5 gxh5 59.Ra4 Rc2 60.f4 Nc5 61.Ra7 Ne4 62.Bg5 Nxg5 63.hxg5
Rc4 64.e6 fxe6 65.g6 Kf8 66.Rf7+ 1/2-1/2

[Event "Master Open"]
[Site "Voronezh"]
[Date "2018.06.19"]
[Round "7.13"]
[White "Maiorov, Nikita"]
[Black "Gubajdullin, Alexei"]
[Result "1-0"]
[WhiteElo "2533"]
[BlackElo "2375"]
[Annotator ""]
[Source ""]
[Remark ""]

1.d4 c5 2.d5 e5 3.e4 d6 4.Bb5+ Nd7 5.a4 Be7 6.Nf3 Ngf6 7.Nc3
O-O 8.O-O a6 9.Be2 b6 10.Nd2 Ne8 11.Nc4 Bg5 12.Bxg5 Qxg5 13.Rb1
Rb8 14.Na3 Ndf6 15.Kh1 Qh4 16.Qd3 Nc7 17.Nc4 Nfe8 18.b4 b5 19.Na5
cxb4 20.Rxb4 Bd7 21.Qe3 f5 22.Nc6 Bxc6 23.dxc6 d5 24.Nxd5 Nxd5
25.Qb3 Nec7 26.exd5 bxa4 27.Rxh4 axb3 28.d6 b2 29.Rb1 Nb5 30.c7
Nc3 31.Bc4+ Kh8 32.cxb8Q Rxb8 33.Ba2 Nxb1 34.Bxb1 e4 35.Rh3 Rd8
36.Rb3 Kg8 37.Rb6 Kf7 38.g3 Ke6 39.Kg2 Rxd6 40.Rxb2 Rd2 41.Kf1
e3 42.fxe3 Rxh2 43.Rb6+ Ke5 44.c4 g5 45.c5 h5 46.c6 h4 47.c7
Rh1+ 48.Kg2 Rc1 49.gxh4 gxh4 50.Rxa6 Rc3 51.Ra5+ Kd6 52.Bxf5
Kxc7 53.Kf3 Kd6 54.Be4 Rc1 55.Kf4 Rf1+ 56.Bf3 Rf2 57.Ra6+ Kd7
58.Rh6 Rh2 59.Kg4 1-0

[Event "Master Open"]
[Site "Voronezh"]
[Date "2018.06.19"]
[Round "7.14"]
[White "Gukesh, D"]
[Black "Iljiushenok, Ilia"]
[Result "1/2-1/2"]
[WhiteElo "2431"]
[BlackElo "2530"]
[Annotator ""]
[Source ""]
[Remark ""]

1.Nf3 Nf6 2.g3 g6 3.Bg2 Bg7 4.O-O O-O 5.d4 d6 6.b3 e5 7.dxe5
dxe5 8.Ba3 Qxd1 9.Rxd1 Re8 10.Nc3 e4 11.Nd4 e3 12.f4 a5 13.Ndb5
Na6 14.Rac1 Rb8 15.Nd5 Nxd5 16.Bxd5 Bg4 17.Bc4 Rbd8 18.c3 Bf6
19.Nd4 Kg7 20.Kg2 c5 21.Nb5 Rd2 22.Nd6 Re7 23.Rxd2 exd2 24.Rd1
Bxe2 25.Bxe2 Rxe2+ 26.Kf3 Re1 27.Rxd2 Bxc3 28.Rc2 Bd4 29.Nxb7
a4 30.Nxc5 Re3+ 31.Kg2 Nxc5 32.Bxc5 Bxc5 33.Rxc5 axb3 34.axb3
Rxb3 35.Rc7 Rb2+ 36.Kg1 h5 37.Ra7 Kf6 38.Rc7 Kf5 39.Rxf7+ Kg4
40.Ra7 Rb1+ 1/2-1/2

[Event "Master Open"]
[Site "Voronezh"]
[Date "2018.06.20"]
[Round "8.15"]
[White "Karpenko, Artem"]
[Black "Belyakov, Bogdan"]
[Result "1/2-1/2"]
[WhiteElo "2374"]
[BlackElo "2490"]
[Annotator ""]
[Source ""]
[Remark ""]

1.d4 d5 2.c4 dxc4 3.e4 Nf6 4.e5 Nd5 5.Bxc4 Nb6 6.Bd3 Nc6 7.Ne2
Bg4 8.f3 Be6 9.Nbc3 Qd7 10.Ne4 Bd5 11.Nc5 Qc8 12.a3 e6 13.Qc2
Bxc5 14.Qxc5 Qd7 15.Bd2 a6 16.Qc2 h6 17.Rc1 O-O-O 18.O-O Kb8
19.Be3 Na5 20.Bf2 Bc4 21.Be4 Bxe2 22.Qxe2 Nb3 23.Rcd1 Nd5 24.Qc2
Na5 25.b4 Nc6 26.Rb1 Nce7 27.Rfc1 f5 28.Bd3 g5 29.Qd2 c6 30.a4
b5 31.Ra1 Kb7 32.Ra3 Ra8 33.Bc2 Nc8 34.Bb3 Ncb6 35.a5 Nc8 36.Bxd5
Qxd5 37.Rc5 Qd7 38.d5 exd5 39.Rac3 Ne7 40.Qd4 Qc7 41.Rc1 Rhg8
42.R5c3 Rg6 43.Qd2 Re6 44.Bc5 Rc8 45.Bd6 Qd8 46.g3 f4 47.gxf4
Nf5 48.Rxc6 Rxc6 49.Rxc6 Kxc6 50.Qc2+ Kd7 51.Qxf5 Qg8 52.Qg4
h5 53.Qg2 Rg6 54.f5 Rxd6 55.exd6 Qg7 56.Qf2 Qa1+ 57.Kg2 Kxd6
58.Qb6+ Ke5 59.Qe6+ Kf4 60.Qxd5 Qb2+ 61.Kf1 Qb1+ 62.Ke2 Qc2+
63.Kf1 Qxf5 64.Qxf5+ Kxf5 65.Ke2 Kf4 66.Kf2 g4 67.fxg4 Kxg4 68.Kg2
Kf4 69.Kh3 Ke4 70.Kh4 Kd4 71.Kxh5 Kc4 72.Kg4 Kxb4 73.h4 Kxa5
74.Kf3 b4 75.Ke2 Ka4 76.h5 b3 77.h6 b2 78.h7 b1Q 79.h8Q Qc2+
80.Ke1 a5 81.Qd4+ Ka3 82.Qd6+ Kb3 83.Qb6+ Ka4 84.Qd4+ 1/2-1/2

[Event "Master Open"]
[Site "Voronezh"]
[Date "2018.06.20"]
[Round "8.16"]
[White "Faizrakhmanov, Ramil"]
[Black "Pavlov, Sergey"]
[Result "1/2-1/2"]
[WhiteElo "2388"]
[BlackElo "2489"]
[Annotator ""]
[Source ""]
[Remark ""]

1.d4 Nf6 2.c4 e6 3.Nf3 b6 4.g3 Bb7 5.Bg2 Be7 6.O-O O-O 7.Nc3
Ne4 8.Bd2 Bf6 9.Ne5 Nxc3 10.Bxc3 Bxg2 11.Kxg2 c5 12.dxc5 bxc5
13.Qd6 Be7 14.Qd3 Qc7 15.Qe4 f6 16.Nf3 Qc6 17.Qxc6 Nxc6 18.Rfd1
Rfd8 19.e4 Rab8 20.Ne1 Kf7 21.Nc2 g6 22.g4 h5 23.h3 hxg4 24.hxg4
g5 25.Rd3 d6 26.Rh1 Rh8 27.Rxh8 Rxh8 28.a3 Rc8 29.Rd1 Nb8 30.Ne3
Nd7 31.Kf1 Rh8 32.Ke2 Nf8 33.b4 Ng6 34.b5 Nf4+ 35.Kd2 Rh2 36.Rf1
Ke8 37.a4 Kd7 38.a5 Kc8 39.Kc2 Ne2 40.Bd2 Bd8 41.a6 Kd7 42.Nd1
Rh4 43.Kd3 Nd4 44.Ne3 Rh3 45.Bc3 Bb6 46.Rg1 Rh2 47.Rg2 Rh1 48.Rg1
Rh2 49.Rg2 Rh1 50.Rg3 Rh2 51.Bxd4 cxd4 52.Nc2 Rxf2 53.Nxd4 d5
54.exd5 exd5 55.cxd5 Kd6 56.Ne2 Kxd5 57.Nc3+ Ke5 58.Rh3 Rg2 59.Rh8
Rg3+ 60.Kc2 Rxg4 61.Rb8 Rd4 62.Kb3 g4 63.Na4 Rxa4 64.Kxa4 g3
65.Rg8 Kf4 66.Rg6 f5 67.Kb3 Ke5 68.Rxg3 f4 69.Rg8 f3 70.Kc2 f2
71.Rf8 Ke4 72.Kd2 Kd5 73.Ke2 Kc4 74.Rf5 Bc5 75.Rxf2 Bxf2 76.Kxf2 1/2-1/2

[Event "Master Open"]
[Site "Voronezh"]
[Date "2018.06.20"]
[Round "8.17"]
[White "Khanin, Semen"]
[Black "Gukesh, D"]
[Result "1-0"]
[WhiteElo "2485"]
[BlackElo "2431"]
[Annotator ""]
[Source ""]
[Remark ""]

1.e4 c5 2.Nf3 d6 3.d4 cxd4 4.Nxd4 Nf6 5.Nc3 a6 6.h4 e5 7.Nb3
Be6 8.f4 Nc6 9.f5 Bxb3 10.axb3 d5 11.exd5 Nd4 12.Bg5 Be7 13.Qd3
Ng4 14.Bxe7 Qxe7 15.Rh3 Rc8 16.Be2 h5 17.Bd1 Qc5 18.Bxg4 hxg4
19.Rh1 Rh6 20.O-O-O Kf8 21.Kb1 Qb4 22.Rhe1 f6 23.Re4 Qa5 24.Rxg4
b5 25.Ne2 Nxc2 26.Nc3 Nd4 27.Rxd4 exd4 28.Qxd4 Qc7 29.d6 Qd7
30.Qf4 Rc5 31.Nd5 Rh8 32.Ne7 Kf7 33.b4 Rc4 34.Qf3 g6 35.fxg6+
Kg7 36.h5 Re8 37.h6+ Kxh6 38.Rh1+ Kg7 39.Rh7+ 1-0

[Event "Master Open"]
[Site "Voronezh"]
[Date "2018.06.20"]
[Round "8.18"]
[White "Afanasiev, Nikita"]
[Black "Polschikov, Alexey"]
[Result "1/2-1/2"]
[WhiteElo "2460"]
[BlackElo "2398"]
[Annotator ""]
[Source ""]
[Remark ""]

1.e4 c5 2.Nf3 d6 3.Bb5+ Bd7 4.a4 Nc6 5.c3 Nf6 6.d3 g6 7.h3 Bg7
8.Be3 O-O 9.Nbd2 b6 10.O-O a6 11.Bc4 Qc7 12.Qe2 Qb7 13.Bb3 b5
14.d4 cxd4 15.cxd4 Na5 16.Bc2 Rfc8 17.Qd1 Nc4 18.Nxc4 bxc4 19.d5
Qxb2 20.Rb1 Qa2 21.Ra1 Qb2 22.Rb1 Qa2 23.Ra1 1/2-1/2

[Event "Master Open"]
[Site "Voronezh"]
[Date "2018.06.20"]
[Round "8.19"]
[White "Shubin, Kirill"]
[Black "Moskalenko, Alexander"]
[Result "1/2-1/2"]
[WhiteElo "2391"]
[BlackElo "2558"]
[Annotator ""]
[Source ""]
[Remark ""]

1.e4 c6 2.d4 d5 3.exd5 cxd5 4.Bd3 Nc6 5.c3 Nf6 6.Bf4 Bg4 7.Qb3
e5 8.dxe5 Nh5 9.Be3 Nxe5 10.Bb5+ Nc6 11.h3 Be6 12.Qd1 Nf6 13.Nf3
Bd6 14.Nbd2 a6 15.Bd3 O-O 16.Nb3 Ne4 17.Nbd4 Nxd4 18.Nxd4 Qe7
19.Qc2 Bd7 20.O-O-O f5 21.Kb1 Be5 22.Rhe1 f4 23.Qb3 Qf7 24.Bc1
Nc5 25.Qc2 Nxd3 26.Qxd3 Bc7 27.Ka1 Rae8 28.Qf3 Rxe1 29.Rxe1 h6
30.Bd2 Bd6 31.Rd1 Ba4 32.Re1 Bd7 33.Rd1 Re8 34.Bc1 Ba4 35.Nb3
Bc6 36.Nd4 Ba4 37.Nb3 Bc6 38.Nd4 Ba4 39.Nb3 1/2-1/2

[Event "Master Open"]
[Site "Voronezh"]
[Date "2018.06.20"]
[Round "8.20"]
[White "Nozdrachev, Leonid"]
[Black "Tsydypov, Zhamsaran"]
[Result "0-1"]
[WhiteElo "2400"]
[BlackElo "2522"]
[Annotator ""]
[Source ""]
[Remark ""]

1.e4 g6 2.d4 Bg7 3.Nf3 d6 4.Bd3 Nf6 5.O-O O-O 6.Re1 Nc6 7.c3
e5 8.h3 Nh5 9.Bg5 Qe8 10.Bc4 Nd8 11.Na3 Ne6 12.Be3 Qe7 13.Qd2
Bd7 14.Nc2 a5 15.Bh6 Nhf4 16.Bxg7 Kxg7 17.Ne3 Ng5 18.Qd1 c6 19.dxe5
Nxf3+ 20.Qxf3 dxe5 21.Kh2 a4 22.Bf1 a3 23.b4 b5 24.c4 Ne6 25.cxb5
Nd4 26.Qg3 cxb5 27.Nd5 Qd6 28.Rac1 Bc6 29.Red1 Rfd8 30.Rc5 Bxd5
31.Rxd5 Qf6 32.Rxd8 Rxd8 33.Rd3 Rc8 34.Kg1 Rc1 35.Qe3 Rb1 36.Rc3
Qe6 37.Qd3 Qxa2 38.Rxa3 Qb2 39.Ra7 Qc1 40.Rd7 Qxf1+ 41.Qxf1 Ne2+
42.Kh1 Rxf1+ 0-1

[Event "Master Open"]
[Site "Voronezh"]
[Date "2018.06.20"]
[Round "8.21"]
[White "Korneev, Oleg"]
[Black "Malyshev, Grigory"]
[Result "1-0"]
[WhiteElo "2517"]
[BlackElo "2362"]
[Annotator ""]
[Source ""]
[Remark ""]

1.d4 Nf6 2.Nf3 e6 3.Bf4 c5 4.e3 b6 5.Nc3 a6 6.d5 d6 7.dxe6 Bxe6
8.Ng5 Be7 9.Nxe6 fxe6 10.g4 g6 11.Bg2 Ra7 12.Qe2 Rd7 13.O-O-O
b5 14.g5 Nh5 15.Qg4 Ng7 16.h4 O-O 17.Ne2 Qe8 18.Bg3 Qf7 19.Nf4
Qf5 20.Qe2 Bd8 21.h5 gxh5 22.Nxh5 Bxg5 23.Nxg7 Kxg7 24.Bxd6 Rff7
25.f4 1-0

[Event "Master Open"]
[Site "Voronezh"]
[Date "2018.06.20"]
[Round "8.22"]
[White "Tsoi, Dmitry"]
[Black "Golubov, Saveliy"]
[Result "1/2-1/2"]
[WhiteElo "2382"]
[BlackElo "2493"]
[Annotator ""]
[Source ""]
[Remark ""]

1.Nf3 d5 2.g3 Nf6 3.Bg2 g6 4.O-O Bg7 5.d3 O-O 6.Nbd2 c5 7.e4
Nc6 8.Re1 e6 9.Qe2 b6 10.Nf1 dxe4 11.dxe4 Bb7 12.Bg5 h6 13.Rad1
Qe7 14.Bf4 e5 15.Bd2 Rad8 16.c3 Rd7 17.Bh3 Rd6 18.Bc1 Nxe4 19.Qxe4
Rxd1 20.Rxd1 Nd4 21.Rxd4 Bxe4 22.Rxe4 Qd6 23.N3d2 f5 24.Re1 e4
25.Ne3 b5 26.a4 a6 27.axb5 axb5 28.Bf1 f4 29.Nxe4 fxe3 30.Bxe3
Qc6 31.Nxc5 Re8 32.Nd3 g5 33.Nb4 Qd7 34.Bg2 Qd6 35.Bf3 Rd8 36.Ra1
Qf6 37.Be4 Kh8 38.Ra7 Qe6 39.Bc2 Qc4 40.Re7 g4 41.Bf4 Qc5 42.Rc7
Qh5 43.Bd3 Ra8 44.Nc2 Qd5 45.Bf1 Qb3 46.Ne3 Qxb2 47.Rb7 Ra1 48.c4
b4 49.c5 Qc3 50.c6 Qxc6 51.Rxb4 Qf3 52.Rb5 Kg8 53.Be5 Bxe5 54.Rxe5
Kh7 55.Rf5 Qe2 56.Rf4 h5 57.h3 gxh3 58.Rh4 Qf3 59.Rxh3 Ra2 60.Rh2
Kg6 61.Bc4 Rb2 62.Bf1 Kf6 63.Bh3 Ke7 64.Bf1 Rd2 65.Rg2 Kd8 66.Rh2
Ra2 67.Bc4 Rxf2 68.Rxf2 Qxe3 69.Bf1 Qxg3+ 70.Bg2 Qe3 71.Kf1 Qd3+
72.Ke1 Ke7 73.Rf3 Qd4 74.Kf1 Ke6 75.Bh1 Ke5 76.Kg2 Qh4 77.Kg1
Qe1+ 78.Kh2 Kd4 79.Bg2 Qe5+ 80.Kh1 1/2-1/2